[Event "POL-chT 2nd League-3 2020"]
[Site "Poronin"]
[Date "2020.09.08"]
[Round "4.9"]
[White "Bajerlein, Dawid"]
[Black "Kowalak, Piotr"]
[Result "1/2-1/2"]
[WhiteElo "2037"]
[BlackElo "2105"]
[Annotator "ChessBase"]
[PlyCount "20"]
[EventDate "2020.09.05"]
[EventType "team-tourn"]
[EventCountry "POL"]
[SourceTitle "playchess.com"]
[Source "ChessBase"]
[SourceQuality "1"]
[TimeControl "40/5400+30:900+30"]

1. d4 {[%emt 0:00:00]} Nf6 {[%emt 0:00:00]} 2. c4 {[%emt 0:00:00]} e6 {[%emt 0:00:00]} 3. Nc3 {[%emt 0:00:00]} Bb4 {[%emt 0:00:11]} 4. Qc2 {[%emt 0:00:06]} O-O {[%emt 0:00:23]} 5. Bg5 {[%emt 0:02:34]} c5 {[%emt 0:03:42]} 6. dxc5 {[%emt 0:03:20]} Na6 {[%emt 0:40:13]} 7. a3 {[%emt 0:06:06]} Bxc3+ {[%emt 0:02:09]} 8. Qxc3 {[%emt 0:00:20]} Nxc5 {[%emt 0:00:38]} 9. Bxf6 {[%emt 0:08:45]} Qxf6 {[%emt 0:00:29]} 10. Qxf6 {[%emt 0:08:58]} gxf6 {[%emt 0:00:11]} 1/2-1/2

[Event "POL-chT 2nd League-3 2020"]
[Site "Poronin"]
[Date "2020.09.08"]
[Round "4.10"]
[White "Madera, Mateusz"]
[Black "Hemmerling, Jaroslaw"]
[Result "1-0"]
[WhiteElo "1945"]
[BlackElo "1938"]
[Annotator "ChessBase"]
[PlyCount "97"]
[EventDate "2020.09.05"]
[EventType "team-tourn"]
[EventCountry "POL"]
[SourceTitle "playchess.com"]
[Source "ChessBase"]
[SourceQuality "1"]
[TimeControl "40/5400+30:900+30"]

1. e4 {[%emt 0:00:00]} e6 {[%emt 0:00:00]} 2. d4 {[%emt 0:00:00]} d5 {[%emt 0:00:00]} 3. Bd3 {[%emt 0:00:00]} dxe4 {[%emt 0:00:00]} 4. Bxe4 {[%emt 0:00:00]} Nf6 {[%emt 0:00:06]} 5. Bf3 {[%emt 0:00:00]} c5 {[%emt 0:00:13]} 6. Ne2 {[%emt 0:00:00]} Nc6 {[%emt 0:00:12]} 7. Be3 {[%emt 0:00:00]} e5 {[%emt 0:00:21]} 8. Bxc6+ {[%emt 0:18:49]} bxc6 {[%emt 0:00:07]} 9. dxe5 {[%emt 0:14:02]} Qxd1+ {[%emt 0:00:27]} 10. Kxd1 {[%emt 0:00:00]} Ng4 {[%emt 0:00:15]} 11. Nbc3 {[%emt 0:05:01]} Nxe5 {[%emt 0:09:50]} 12. Bf4 {[%emt 0:17:50]} Ng6 {[%emt 0:04:58]} 13. Bc7 {[%emt 0:06:53]} Be7 {[%emt 0:01:53]} 14. Kd2 {[%emt 0:03:02]} Be6 {[%emt 0:10:27]} 15. Rad1 {[%emt 0:02:57]} Rc8 {[%emt 0:00:03]} 16. Bg3 {[%emt 0:00:43]} h5 {[%emt 0:07:13]} 17. h4 {[%emt 0:02:21]} O-O {[%emt 0:00:24]} 18. Kc1 {[%emt 0:00:01]} Rfd8 {[%emt 0:00:47]} 19. Rxd8+ {[%emt 0:06:58]} Rxd8 {[%emt 0:00:09]} 20. Nf4 {[%emt 0:03:00]} Nxf4 {[%emt 0:08:40]} 21. Bxf4 {[%emt 0:00:03]} Rd4 {[%emt 0:00:59]} 22. g3 {[%emt 0:01:07]} Bf5 {[%emt 0:09:03]} 23. Re1 {[%emt 0:01:31]} Kf8 {[%emt 0:08:23]} 24. Be5 {[%emt 0:00:16]} Rd7 {[%emt 0:00:34]} 25. Ne4 {[%emt 0:04:02]} f6 {[%emt 0:02:05]} 26. Bf4 {[%emt 0:01:34]} Rd4 {[%emt 0:03:28]} 27. Nd2 {[%emt 0:01:52]} Kf7 {[%emt 0:05:56]} 28. Be3 {[%emt 0:00:33]} Ra4 {[%emt 0:00:12]} 29. Kb1 {[%emt 0:01:23]} Be6 {[%emt 0:09:01]} 30. b3 {[%emt 0:00:27]} Rg4 {[%emt 0:02:33]} 31. Bf4 {[%emt 0:01:19]} c4 {[%emt 0:12:22]} 32. Nxc4 {[%emt 0:03:01]} Bxc4 {[%emt 0:01:29]} 33. bxc4 {[%emt 0:00:01]} Bb4 {[%emt 0:01:42]} 34. Re2 {[%emt 0:00:23]} Bc3 {[%emt 0:00:33]} 35. Kc1 {[%emt 0:01:57]} Be5 {[%emt 0:01:04]} 36. Bxe5 {[%emt 0:00:12]} fxe5 {[%emt 0:00:01]} 37. Rxe5 {[%emt 0:00:01]} Rxc4 {[%emt 0:02:04]} 38. Rxh5 {[%emt 0:01:57]} Ra4 {[%emt 0:00:03]} 39. Kb2 {[%emt 0:00:40]} Re4 {[%emt 0:00:36]} 40. Ra5 {[%emt 0:00:00]} Re7 {[%emt 0:00:00]} 41. Ra6 {[%emt 0:01:21]} Rc7 {[%emt 0:00:50]} 42. Kc3 {[%emt 0:02:31]} Ke6 {[%emt 0:01:32]} 43. Kd4 {[%emt 0:01:34]} Kd6 {[%emt 0:00:52]} 44. c4 {[%emt 0:01:48]} Rb7 {[%emt 0:00:35]} 45. c5+ {[%emt 0:00:37]} Kd7 {[%emt 0:00:28]} 46. Ke5 {[%emt 0:01:53]} Rc7 {[%emt 0:00:04]} 47. f4 {[%emt 0:01:38]} Kc8 {[%emt 0:01:49]} 48. Kd6 {[%emt 0:01:38]} Kb7 {[%emt 0:00:02]} 49. Rxa7+ 1-0

[Event "POL-chT 2nd League-3 2020"]
[Site "Poronin"]
[Date "2020.09.08"]
[Round "4.11"]
[White "Glatty, Zbigniew"]
[Black "Krawiec, Grzegorz"]
[Result "1-0"]
[WhiteElo "1857"]
[BlackElo "1824"]
[Annotator "NA"]
[PlyCount "83"]
[EventDate "2020.09.05"]
[EventType "team-tourn"]
[EventCountry "POL"]
[SourceTitle "playchess.com"]
[Source "ChessBase"]
[SourceQuality "1"]
[TimeControl "40/5400+30:900+30"]

1. e4 {[%emt 0:00:00]} c5 {[%emt 0:00:00]} 2. Nf3 {[%emt 0:00:00]} e6 {[%emt 0:00:00]} 3. d4 {[%emt 0:00:00]} cxd4 {[%emt 0:00:00]} 4. Nxd4 {[%emt 0:00:01]} Bc5 {[%emt 0:00:00]} 5. Nb3 {[%emt 0:00:20]} Bb6 {[%emt 0:00:04]} 6. Be2 {[%emt 0:19:25]} Ne7 {[%emt 0:02:00]} 7. c4 {[%emt 0:02:13]} O-O {[%emt 0:03:07]} 8. Nc3 {[%emt 0:01:14]} f5 {[%emt 0:00:58]} 9. c5 {[%emt 0:19:56]} Bc7 {[%emt 0:00:43]} 10. f4 {[%emt 0:01:16]} fxe4 {[%emt 0:02:32]} 11. O-O {[%emt 0:03:12]} b6 {[%emt 0:05:05]} 12. Nxe4 {[%emt 0:02:42]} bxc5 {[%emt 0:02:14]} 13. Nexc5 {[%emt 0:00:39]} d6 {[%emt 0:00:34]} 14. Ne4 {[%emt 0:01:52]} d5 {[%emt 0:01:29]} 15. Nec5 {[%emt 0:00:29]} Ng6 {[%emt 0:03:51]} 16. g3 {[%emt 0:03:10]} Ne7 {[%emt 0:09:28]} 17. Kg2 {[%emt 0:05:56]} Nf5 {[%emt 0:07:59]} 18. Nd4 {[%emt 0:06:49]} Qd6 {[%emt 0:11:35]} 19. Ncb3 {[%emt 0:07:08]} Bb6 {[%emt 0:12:51]} 20. Nxf5 {[%emt 0:02:55]} Rxf5 {[%emt 0:00:37]} 21. Nd4 {[%emt 0:00:51]} Rf7 {[%emt 0:07:23]} 22. Be3 {[%emt 0:01:13]} Ba6 {[%emt 0:05:52]} 23. Rc1 {[%emt 0:03:43]} Bxe2 {[%emt 0:08:55]} 24. Qxe2 {[%emt 0:01:56]} Bxd4 {[%emt 0:00:17]} 25. Bxd4 {[%emt 0:00:06]} Nc6 {[%emt 0:00:12]} 26. Bc5 {[%emt 0:00:40]} Qd7 {[%emt 0:00:02]} 27. Rfe1 {[%emt 0:00:49]} Re8 {[%emt 0:00:59]} 28. b4 {[%emt 0:03:52]} Qb7 {[%emt 0:04:01]} 29. a3 {[%emt 0:00:31]} a6 {[%emt 0:01:28]} 30. Qd3 {[%emt 0:00:42]} Rd7 {[%emt 0:04:20]} 31. Kf2 {[%emt 0:01:20]} e5 {[%emt 0:01:45]} 32. fxe5 {[%emt 0:03:08]} Rxe5 {[%emt 0:02:46]} 33. Kg1 {[%emt 0:01:28]} h6 {[%emt 0:01:55]} 34. Qg6 {[%emt 0:01:31]} Rf7 {[%emt 0:00:35]} 35. Rf1 {[%emt 0:03:10]} Rxf1+ {[%emt 0:01:14]} 36. Rxf1 {[%emt 0:00:01]} Re7 {[%emt 0:00:37]} 37. Bxe7 {[%emt 0:01:01]} Qxe7 {[%emt 0:00:19]} 38. Qxc6 {[%emt 0:01:48]} Qe3+ {[%emt 0:00:03]} 39. Rf2 {[%emt 0:00:10]} Qe1+ {[%emt 0:00:11]} 40. Kg2 {[%emt 0:00:00]} Qe4+ {[%emt 0:00:00]} 41. Kh3 {[%emt 0:00:33]} g5 {[%emt 0:03:01]} 42. Qxh6 {[%emt 0:03:59]} 1-0

[Event "POL-chT 2nd League-3 2020"]
[Site "Poronin"]
[Date "2020.09.08"]
[Round "4.12"]
[White "Karykowska, Anna"]
[Black "Kostecka, Marika"]
[Result "1-0"]
[WhiteElo "1999"]
[BlackElo "1917"]
[Annotator "ChessBase"]
[PlyCount "109"]
[EventDate "2020.09.05"]
[EventType "team-tourn"]
[EventCountry "POL"]
[SourceTitle "playchess.com"]
[Source "ChessBase"]
[SourceQuality "1"]
[TimeControl "40/5400+30:900+30"]

1. e4 {[%emt 0:00:00]} c5 {[%emt 0:00:00]} 2. Nf3 {[%emt 0:00:00]} d6 {[%emt 0:00:00]} 3. d4 {[%emt 0:00:00]} cxd4 {[%emt 0:00:00]} 4. Nxd4 {[%emt 0:00:00]} Nf6 {[%emt 0:00:00]} 5. Nc3 {[%emt 0:00:00]} a6 {[%emt 0:00:00]} 6. g3 {[%emt 0:00:08]} e5 {[%emt 0:00:08]} 7. Nb3 {[%emt 0:00:07]} Be7 {[%emt 0:00:34]} 8. Bg2 {[%emt 0:00:07]} b5 {[%emt 0:01:50]} 9. Nd5 {[%emt 0:03:48]} Nbd7 {[%emt 0:00:47]} 10. O-O {[%emt 0:04:13]} O-O {[%emt 0:02:37]} 11. Be3 {[%emt 0:02:30]} Bb7 {[%emt 0:08:32]} 12. a4 {[%emt 0:03:26]} Nxd5 {[%emt 0:08:16]} 13. exd5 {[%emt 0:00:08]} f5 {[%emt 0:05:23]} 14. axb5 {[%emt 0:01:46]} f4 {[%emt 0:06:32]} 15. Bd2 {[%emt 0:03:55]} axb5 {[%emt 0:01:22]} 16. Na5 {[%emt 0:01:59]} Qc7 {[%emt 0:09:33]} 17. Qg4 {[%emt 0:13:54]} Nc5 {[%emt 0:10:55]} 18. Nxb7 {[%emt 0:08:04]} Qxb7 {[%emt 0:05:08]} 19. Rxa8 {[%emt 0:03:22]} Rxa8 {[%emt 0:01:17]} 20. gxf4 {[%emt 0:01:20]} exf4 {[%emt 0:00:53]} 21. Bxf4 {[%emt 0:01:46]} Ra4 {[%emt 0:00:32]} 22. Qg3 {[%emt 0:04:16]} Qd7 {[%emt 0:02:33]} 23. b3 {[%emt 0:02:35]} Ra2 {[%emt 0:02:59]} 24. b4 {[%emt 0:02:47]} Na6 {[%emt 0:00:16]} 25. Qb3 {[%emt 0:02:17]} Ra4 {[%emt 0:00:04]} 26. Bd2 {[%emt 0:02:25]} Qg4 {[%emt 0:01:13]} 27. Qe3 {[%emt 0:00:45]} Qd7 {[%emt 0:02:42]} 28. Re1 {[%emt 0:01:30]} Bf6 {[%emt 0:00:38]} 29. Bh3 {[%emt 0:00:20]} Qd8 {[%emt 0:00:33]} 30. Qe6+ {[%emt 0:01:13]} Kf8 {[%emt 0:00:04]} 31. Bf4 {[%emt 0:03:18]} Be7 {[%emt 0:00:23]} 32. Bf5 {[%emt 0:07:39]} Nc7 {[%emt 0:01:13]} 33. Qe4 {[%emt 0:00:59]} h6 {[%emt 0:01:42]} 34. Bg6 {[%emt 0:01:11]} Ra8 {[%emt 0:01:24]} 35. Qf3 {[%emt 0:05:22]} Bf6 {[%emt 0:00:26]} 36. Qg3 {[%emt 0:00:27]} Ra6 {[%emt 0:00:59]} 37. Bh5 {[%emt 0:02:04]} Bg5 {[%emt 0:03:00]} 38. h4 {[%emt 0:04:58]} Bxf4 {[%emt 0:02:01]} 39. Qxf4+ {[%emt 0:00:03]} Qf6 {[%emt 0:00:22]} 40. Qg4 {[%emt 0:00:00]} Ra8 {[%emt 0:00:00]} 41. Qd7 {[%emt 0:09:46]} g6 {[%emt 0:01:30]} 42. Qxc7 {[%emt 0:04:53]} gxh5 {[%emt 0:01:28]} 43. Re6 {[%emt 0:03:17]} Qxh4 {[%emt 0:01:37]} 44. Qxd6+ {[%emt 0:01:22]} Kf7 {[%emt 0:00:05]} 45. Qc7+ {[%emt 0:00:51]} Kf8 {[%emt 0:00:18]} 46. Qc3 {[%emt 0:01:39]} Kf7 {[%emt 0:06:36]} 47. Qf3+ {[%emt 0:05:15]} Kg7 {[%emt 0:00:11]} 48. Qc3+ {[%emt 0:01:57]} Kf7 {[%emt 0:01:02]} 49. Re3 {[%emt 0:00:38]} Rg8+ {[%emt 0:01:44]} 50. Kf1 {[%emt 0:01:08]} Qh1+ {[%emt 0:00:23]} 51. Ke2 {[%emt 0:00:04]} Qxd5 {[%emt 0:04:01]} 52. Qc7+ {[%emt 0:00:48]} Kg6 {[%emt 0:04:08]} 53. Rg3+ {[%emt 0:00:35]} Kf6 {[%emt 0:00:56]} 54. Qf4+ {[%emt 0:00:43]} Ke7 {[%emt 0:00:33]} 55. Re3+ {[%emt 0:00:07]} 1-0

[Event "POL-chT 2nd League-3 2020"]
[Site "Poronin"]
[Date "2020.09.08"]
[Round "4.13"]
[White "Kaminski, Piotr"]
[Black "Piesik, Piotr"]
[Result "1/2-1/2"]
[WhiteElo "2099"]
[BlackElo "2418"]
[Annotator "TA"]
[PlyCount "53"]
[EventDate "2020.09.05"]
[EventType "team-tourn"]
[EventCountry "POL"]
[SourceTitle "playchess.com"]
[Source "ChessBase"]
[SourceQuality "1"]

{[%evp 18,53,-58,-75,0,-8,0,-12,-12,-54,-46,-46,-47,-93,0,0,0,0,0,0,0,0,0,-21,19,11,18,10,13,0,0,1,22,39,28,38,56,48]} 1. d4 Nf6 2. c4 d6 3. Nc3 Nbd7 4. g3 g6 5. Bg2 Bg7 6. e4 e5 7. Nge2 O-O 8. O-O c6 9. b4 {[%cal Bb2b4,Bb4b5][%mdl 32]} exd4 10. Nxd4 {[#]} a5 $146 {E72: King's Indian: 4 e4 d6 5 g3.} ({Black should try} 10... Ng4 $17) ({Predecessor:} 10... Ne5 11. Qe2 Qb6 12. Be3 Qxb4 13. Rfc1 Qxc4 14. Qxc4 Nxc4 15. Rab1 Nxe3 16. fxe3 Ng4 17. Nd1 Re8 18. h3 Nxe3 {0-1 (18) Chamberlain,E (945)-Moreira,J (1885) LSS email 2013}) 11. b5 $1 $11 c5 12. Nc2 Nb6 {The position is equal.} 13. Qd3 Ng4 {And now ...Ne5 would win.} 14. f4 Be6 15. Nd5 f5 (15... Bxd5 $17 16. exd5 Bxa1 17. Nxa1 f5) 16. Rb1 Nf6 17. Nxb6 Qxb6 18. Bb2 fxe4 19. Bxe4 Nxe4 20. Qxe4 Bf5 (20... d5 $5 21. cxd5 Bf5 $15) 21. Qd5+ Rf7 22. Bxg7 Kxg7 23. Rf2 Re8 24. Re1 Rfe7 25. Rxe7+ Rxe7 26. Qd2 Qd8 27. Ne3 {Accuracy: White = 86%, Black = 79%.} 1/2-1/2

[Event "POL-chT 2nd League-3 2020"]
[Site "Poronin"]
[Date "2020.09.08"]
[Round "4.14"]
[White "Wandzik, Wojciech"]
[Black "Szmyd, Arkadiusz"]
[Result "1/2-1/2"]
[WhiteElo "2422"]
[BlackElo "2104"]
[Annotator "TA"]
[PlyCount "50"]
[EventDate "2020.09.05"]
[EventType "team-tourn"]
[EventCountry "POL"]
[SourceTitle "playchess.com"]
[Source "ChessBase"]
[SourceQuality "1"]

{[%evp 25,50,0,0,-13,-22,-79,-73,-70,-51,-87,-73,-103,-116,-110,-103,-163,-160,-145,-115,-109,-79,-161,-78,-72,-86,-84,-66]} 1. e4 c6 2. d4 d5 3. Nd2 dxe4 4. Nxe4 Bf5 5. Ng3 Bg6 6. h4 h6 7. Nf3 Nd7 8. h5 Bh7 9. Bd3 Bxd3 10. Qxd3 e6 11. Bd2 Ngf6 12. O-O-O Be7 13. Kb1 O-O {13...Qb6 might become the main line.} 14. c4 {B19: Classical Caro-Kann: 4...Bf5 main line.} b5 {[#]} 15. Ka1 $146 (15. cxb5 $11 {keeps the balance.} Qb6 16. bxc6 Qxc6 17. Rc1) ({Predecessor:} 15. cxb5 cxb5 16. Qxb5 a5 17. Ne5 Nxe5 18. dxe5 Nd5 19. Ne2 Rb8 20. Qc6 Ba3 21. Bc1 {0-1 (31) Ganguly,S (2603)-Jakovenko,D (2737) Motril 2008}) 15... bxc4 $17 16. Qxc4 Qb6 17. Be3 Rab8 {[%csl Gb8][%cal Rb6b2] [#]} 18. Rd2 Nd5 19. Ne4 Qa5 20. Rd3 {[#]} (20. Rc1 $17) 20... N7b6 $1 $19 {[%cal Rb6c4]} ({But not} 20... Qb6 $6 21. Rb3 $11) 21. Qc1 Nb4 {[%csl Gb4][%cal Ra5a2]} 22. Ra3 Qd5 23. Nfd2 (23. Qb1 $17) 23... Nc4 (23... f5 $19 24. Nc3 Qd7) 24. Nxc4 $17 {Strongly threatening f3.} ({Don't go for} 24. Qxc4 $2 Qxc4 25. Nxc4 Nc2+ 26. Kb1 Nxa3+ 27. Nxa3 Bxa3 $19) 24... Qxe4 25. Rc3 Bf6 {Accuracy: White = 54%, Black = 85%.} 1/2-1/2

[Event "POL-chT 2nd League-3 2020"]
[Site "Poronin"]
[Date "2020.09.08"]
[Round "4.15"]
[White "Ociepka, Tomasz"]
[Black "Gola, Karol"]
[Result "0-1"]
[WhiteElo "1888"]
[BlackElo "2192"]
[Annotator "NA"]
[PlyCount "82"]
[EventDate "2020.09.05"]
[EventType "team-tourn"]
[EventCountry "POL"]
[SourceTitle "playchess.com"]
[Source "ChessBase"]
[SourceQuality "1"]
[TimeControl "40/5400+30:900+30"]

1. e4 {[%emt 0:00:00]} c5 {[%emt 0:00:00]} 2. Nf3 {[%emt 0:00:00]} e6 {[%emt 0:00:00]} 3. d4 {[%emt 0:00:00]} cxd4 {[%emt 0:00:00]} 4. Nxd4 {[%emt 0:00:00]} a6 {[%emt 0:00:00]} 5. Bd3 {[%emt 0:00:00]} Nf6 {[%emt 0:00:00]} 6. O-O {[%emt 0:00:08]} Qc7 {[%emt 0:00:02]} 7. Qe2 {[%emt 0:00:09]} d6 {[%emt 0:00:12]} 8. c4 {[%emt 0:00:09]} g6 {[%emt 0:00:16]} 9. f4 {[%emt 0:02:20]} Bg7 {[%emt 0:00:28] B42: Sicilian: Kan Variation: 5 Bd3.} 10. Nc3 {[%emt 0:11:26]} O-O {[%emt 0:01:10]} 11. Be3 {[%emt 0:07:13]} Nc6 {[%emt 0:05:20]} 12. Nxc6 {[%emt 0:08:31]} bxc6 {[%emt 0:04:16] [#]} 13. e5 $146 {[%emt 0:11:56]} ({Predecessor:} 13. g4 Re8 14. Rad1 Rb8 15. Qg2 Nd7 16. Rd2 f5 17. c5 Nxc5 18. Bxc5 dxc5 19. e5 {1-0 (99) Mateus,M (2116)-Chirivi Castiblanco,J (2198) Palmira 2017}) 13... dxe5 {[%emt 0:05:22]} 14. Bc5 {[%emt 0:00:56]} exf4 {[%emt 0:29:54]} 15. Bxf8 {[%emt 0:02:30]} Bxf8 {[%emt 0:00:04]} 16. g3 {[%emt 0:10:03]} Bc5+ {[%emt 0:00:51]} 17. Kh1 {[%emt 0:06:10]} Nh5 {[%emt 0:13:59]} 18. Ne4 {[%emt 0:03:10]} Bd4 {[%emt 0:01:48]} 19. g4 {[%emt 0:09:28]} Nf6 {[%emt 0:01:59]} 20. g5 {[%emt 0:03:24]} Nxe4 {[%emt 0:01:55]} 21. Bxe4 {[%emt 0:01:07]} Rb8 {[%emt 0:05:34]} 22. Rab1 {[%emt 0:00:47]} c5 {[%emt 0:01:09]} 23. b3 {[%emt 0:01:24]} e5 {[%emt 0:03:23]} 24. Rbd1 {[%emt 0:01:43]} Qe7 {[%emt 0:11:34]} 25. Qg2 {[%emt 0:01:04]} f6 {[%emt 0:01:08]} 26. Bd5+ {[%emt 0:00:56]} Kg7 {[%emt 0:00:16]} 27. gxf6+ {[%emt 0:02:55]} Qxf6 {[%emt 0:00:28]} 28. Rde1 {[%emt 0:00:48]} g5 {[%emt 0:00:37]} 29. Bf3 {[%emt 0:01:01]} Qg6 {[%emt 0:03:32]} 30. Be4 $19 {[%emt 0:01:30]} Qh5 {[%emt 0:01:19]} 31. Qc2 {[%emt 0:04:36]} g4 {[%emt 0:02:05]} 32. Re2 {[%emt 0:01:02]} f3 {[%emt 0:03:25]} 33. Rd2 {[%emt 0:01:21]} Rb6 {[%emt 0:00:33]} 34. Qd1 {[%emt 0:01:39]} Bf5 {[%emt 0:00:46]} 35. Qc2 {[%emt 0:01:53]} Rf6 {[%emt 0:00:10]} 36. Bxf5 {[%emt 0:03:16]} Qxf5 {[%emt 0:00:04]} 37. Qxf5 {[%emt 0:00:30]} Rxf5 {[%emt 0:00:02]} 38. Rfd1 {[%emt 0:00:46]} e4 {[%emt 0:00:22]} 39. Rf1 {[%emt 0:00:49]} e3 {[%emt 0:00:10]} 40. Rd3 {[%emt 0:00:00]} e2 {[%emt 0:00:00]} 41. Re1 {[%emt 0:00:19]} f2 {[%emt 0:00:35]} 0-1

[Event "POL-chT 2nd League-3 2020"]
[Site "Poronin"]
[Date "2020.09.08"]
[Round "4.16"]
[White "Flasinski, Michal"]
[Black "Boruta, Dawid"]
[Result "1/2-1/2"]
[WhiteElo "2205"]
[BlackElo "1822"]
[Annotator "ChessBase"]
[PlyCount "89"]
[EventDate "2020.09.05"]
[EventType "team-tourn"]
[EventCountry "POL"]
[SourceTitle "playchess.com"]
[Source "ChessBase"]
[SourceQuality "1"]
[TimeControl "40/5400+30:900+30"]

1. d4 {[%emt 0:00:00]} Nf6 {[%emt 0:00:00]} 2. c4 {[%emt 0:00:00]} c5 {[%emt 0:00:11]} 3. d5 {[%emt 0:00:00]} b5 {[%emt 0:00:08]} 4. cxb5 {[%emt 0:00:17]} a6 {[%emt 0:00:05]} 5. bxa6 {[%emt 0:00:07]} g6 {[%emt 0:00:07]} 6. Nc3 {[%emt 0:00:06]} Bg7 {[%emt 0:00:55]} 7. g3 {[%emt 0:00:10]} d6 {[%emt 0:00:42]} 8. Bg2 {[%emt 0:00:07]} O-O {[%emt 0:00:15]} 9. Nf3 {[%emt 0:00:05]} Nbd7 {[%emt 0:04:54]} 10. O-O {[%emt 0:03:34]} Nb6 {[%emt 0:05:38]} 11. Nd2 {[%emt 0:25:53]} Bxa6 {[%emt 0:00:43]} 12. Qc2 {[%emt 0:00:11]} Bb7 {[%emt 0:14:23]} 13. e4 {[%emt 0:01:55]} Ba6 {[%emt 0:09:01]} 14. Rd1 {[%emt 0:01:14]} Ng4 {[%emt 0:02:28]} 15. Nf3 {[%emt 0:06:54]} Ne5 {[%emt 0:07:27]} 16. Nxe5 {[%emt 0:08:48]} Bxe5 {[%emt 0:00:03]} 17. Bh6 {[%emt 0:00:43]} Re8 {[%emt 0:01:07]} 18. b3 {[%emt 0:02:44]} Qd7 {[%emt 0:04:17]} 19. Rab1 {[%emt 0:04:28]} Rec8 {[%emt 0:00:45]} 20. Be3 {[%emt 0:00:48]} Rab8 {[%emt 0:05:50]} 21. Rdc1 {[%emt 0:12:25]} Qg4 {[%emt 0:03:36]} 22. f3 {[%emt 0:05:12]} Qd7 {[%emt 0:00:57]} 23. Qd2 {[%emt 0:02:48]} Rc7 {[%emt 0:03:09]} 24. Nd1 {[%emt 0:01:43]} Qb5 {[%emt 0:10:34]} 25. Nf2 {[%emt 0:01:33]} Qe2 {[%emt 0:05:45]} 26. Qxe2 {[%emt 0:04:52]} Bxe2 {[%emt 0:00:01]} 27. f4 {[%emt 0:01:08]} Bg7 {[%emt 0:00:57]} 28. Bf1 {[%emt 0:00:20]} Bxf1 {[%emt 0:00:40]} 29. Kxf1 {[%emt 0:00:02]} Rcb7 {[%emt 0:02:39]} 30. Ke2 {[%emt 0:01:14]} f5 {[%emt 0:04:16]} 31. Kd3 {[%emt 0:00:12]} fxe4+ {[%emt 0:00:32]} 32. Kxe4 {[%emt 0:00:02]} Na4 {[%emt 0:00:50]} 33. Bd2 {[%emt 0:00:47]} Nb6 {[%emt 0:04:24]} 34. Nd3 {[%emt 0:00:49]} Nd7 {[%emt 0:00:10]} 35. Bc3 {[%emt 0:06:51]} Bxc3 {[%emt 0:00:06]} 36. Rxc3 {[%emt 0:00:01]} Nf6+ {[%emt 0:00:07]} 37. Kf3 {[%emt 0:00:08]} Nxd5 {[%emt 0:00:05]} 38. Rc2 {[%emt 0:00:30]} Nb4 {[%emt 0:00:22]} 39. Nxb4 {[%emt 0:00:11]} Rxb4 {[%emt 0:00:04]} 40. Re1 {[%emt 0:00:00]} Kf7 {[%emt 0:00:00]} 41. Rce2 {[%emt 0:01:31]} R8b7 {[%emt 0:04:06]} 42. Re4 {[%emt 0:01:06]} R4b6 {[%emt 0:07:53]} 43. Ra4 {[%emt 0:03:55]} e6 {[%emt 0:01:03]} 44. Ke3 {[%emt 0:00:57]} Kf6 {[%emt 0:01:42]} 45. Kd3 {[%emt 0:00:35]} 1/2-1/2

[Event "POL-chT 2nd League-3 2020"]
[Site "Poronin"]
[Date "2020.09.08"]
[Round "4.17"]
[White "Gonsior, Monika"]
[Black "Szczecina, Kamil"]
[Result "1-0"]
[WhiteElo "2001"]
[BlackElo "1966"]
[Annotator "ChessBase"]
[PlyCount "95"]
[EventDate "2020.09.05"]
[EventType "team-tourn"]
[EventCountry "POL"]
[SourceTitle "playchess.com"]
[Source "ChessBase"]
[SourceQuality "1"]
[TimeControl "40/5400+30:900+30"]

1. e4 {[%emt 0:00:00]} c5 {[%emt 0:00:00]} 2. Nf3 {[%emt 0:00:00]} e6 {[%emt 0:00:00]} 3. d4 {[%emt 0:00:00]} cxd4 {[%emt 0:00:04]} 4. Nxd4 {[%emt 0:00:00]} a6 {[%emt 0:00:26]} 5. c4 {[%emt 0:00:18]} Nf6 {[%emt 0:00:22]} 6. Nc3 {[%emt 0:00:20]} Qc7 {[%emt 0:00:11]} 7. Bd3 {[%emt 0:01:27]} d6 {[%emt 0:00:20]} 8. O-O {[%emt 0:00:27]} Nbd7 {[%emt 0:00:12]} 9. Bg5 {[%emt 0:03:23]} Be7 {[%emt 0:01:02]} 10. Rc1 {[%emt 0:00:39]} b6 {[%emt 0:02:37]} 11. Kh1 {[%emt 0:01:46]} Bb7 {[%emt 0:00:30]} 12. f3 {[%emt 0:02:25]} Rc8 {[%emt 0:01:32]} 13. Qd2 {[%emt 0:06:17]} Qb8 {[%emt 0:05:20]} 14. b3 {[%emt 0:01:54]} Bd8 {[%emt 0:05:18]} 15. Rfe1 {[%emt 0:02:55]} O-O {[%emt 0:02:17]} 16. Bb1 {[%emt 0:03:03]} Bc7 {[%emt 0:04:22]} 17. f4 {[%emt 0:01:38]} Rfe8 {[%emt 0:15:06]} 18. Nf3 {[%emt 0:07:15]} h6 {[%emt 0:08:36]} 19. Bh4 {[%emt 0:01:09]} Nh7 {[%emt 0:18:08]} 20. Re3 {[%emt 0:04:27]} Nhf8 {[%emt 0:05:44]} 21. Rd1 {[%emt 0:04:29]} b5 {[%emt 0:13:10]} 22. cxb5 {[%emt 0:02:04]} d5 {[%emt 0:02:01]} 23. bxa6 {[%emt 0:04:33]} Bxa6 {[%emt 0:02:39]} 24. e5 {[%emt 0:03:00]} Bb6 {[%emt 0:03:04]} 25. Nd4 {[%emt 0:01:10]} Qa7 {[%emt 0:00:30]} 26. Bf2 {[%emt 0:03:46]} f6 {[%emt 0:05:09]} 27. Rg3 {[%emt 0:02:05]} fxe5 {[%emt 0:01:42]} 28. fxe5 {[%emt 0:00:23]} Nxe5 {[%emt 0:01:32]} 29. Ndb5 {[%emt 0:01:06]} Qb8 {[%emt 0:01:50]} 30. Bxb6 {[%emt 0:03:37]} Qxb6 {[%emt 0:00:23]} 31. a4 {[%emt 0:03:12]} Bxb5 {[%emt 0:00:33]} 32. Nxb5 {[%emt 0:00:15]} Nf7 {[%emt 0:00:37]} 33. Rf1 {[%emt 0:00:28]} Re7 {[%emt 0:00:26]} 34. Qf4 {[%emt 0:00:41]} Rc6 {[%emt 0:00:42]} 35. Rxg7+ {[%emt 0:00:37]} Kxg7 {[%emt 0:00:19]} 36. Qf6+ {[%emt 0:00:06]} Kg8 {[%emt 0:00:09]} 37. Qxe7 {[%emt 0:00:15]} Qf2 {[%emt 0:00:19]} 38. Bd3 {[%emt 0:05:23]} Qxf1+ {[%emt 0:00:54]} 39. Bxf1 {[%emt 0:00:07]} e5 {[%emt 0:00:11]} 40. g4 {[%emt 0:00:00]} e4 {[%emt 0:00:00]} 41. Nd4 {[%emt 0:01:56]} Rg6 {[%emt 0:07:07]} 42. Be2 {[%emt 0:01:13]} Rd6 {[%emt 0:03:01]} 43. Bb5 {[%emt 0:01:41]} Ng6 {[%emt 0:01:20]} 44. Qe8+ {[%emt 0:00:40]} Nf8 {[%emt 0:00:02]} 45. h4 {[%emt 0:02:23]} Rf6 {[%emt 0:04:46]} 46. Bc6 {[%emt 0:01:36]} Rd6 {[%emt 0:01:41]} 47. a5 {[%emt 0:02:21]} Rd8 {[%emt 0:01:32]} 48. Qe7 {[%emt 0:00:36]} 1-0